[Event "XXXIII Memorial Edoardo Crespi Magistrale"]
[Site "Milano ITA"]
[Date "2012.12.01"]
[Round "1"]
[White "Aleksic, Nenad"]
[Black "Moroni, Luca Jr"]
[WhiteElo "2347"]
[BlackElo "2114"]
[Result "1/2-1/2"]
[PlyCount "88"]
[EventDate "2012.12.01"]

1. e4 c5 2. Nf3 d6 3. d4 Nf6 4. Nc3 cxd4 5. Nxd4 a6 6. g3 e6 7. Bg2 Be7 8. O-O
O-O 9. Be3 Qc7 10. g4 Nc6 11. g5 Nd7 12. f4 Nxd4 13. Bxd4 b5 14. Kh1 Bb7 15.
Qh5 e5 16. fxe5 dxe5 17. Be3 Bc5 18. Rae1 Bxe3 19. Rxe3 Qb6 20. Rg3 Rad8 21.
Nd5 Bxd5 22. exd5 g6 23. Qh6 f5 24. gxf6 Rxf6 25. Rgf3 Rdf8 26. Qd2 Qd6 27. h3
Rxf3 28. Rxf3 Rxf3 29. Bxf3 Nf6 30. Qd3 Kf8 31. Bg2 Qd7 32. c4 bxc4 33. Qxc4 e4
34. Qxa6 Nxd5 35. Qa3+ Kg7 36. Bxe4 Nf4 37. Qc3+ Kh6 38. Bg2 Qd1+ 39. Kh2 Ne2
40. Qe3+ Kg7 41. Qe5+ Kh6 42. h4 Qg1+ 43. Kh3 Qf2 44. Qg5+ Kg7 1/2-1/2

[Event "XXXIII Memorial Edoardo Crespi Magistrale"]
[Site "Milano ITA"]
[Date "2012.12.01"]
[Round "1"]
[White "Andreoni, Giuseppe"]
[Black "Stromboli, Carlo"]
[WhiteElo "2101"]
[BlackElo "2326"]
[Result "1-0"]
[PlyCount "71"]
[EventDate "2012.12.01"]

1. e4 e5 2. Nf3 Nc6 3. Bb5 a6 4. Ba4 Nf6 5. O-O b5 6. Bb3 Bc5 7. c3 d6 8. d4
Bb6 9. a4 Bb7 10. Re1 h6 11. Na3 O-O 12. axb5 axb5 13. Rb1 exd4 14. Nxb5 Ne5
15. cxd4 Nxf3+ 16. gxf3 Ra5 17. Nc3 Rh5 18. Ne2 Nxe4 19. fxe4 Qh4 20. Bf4 g5
21. Bg3 Qxe4 22. d5 Qg6 23. Bc2 Qg7 24. Nc3 g4 25. Qd3 Bd4 26. Re4 Be5 27. Rxg4
Rg5 28. Rxg5 hxg5 29. Bxe5 dxe5 30. Qc4 Bc8 31. Qxc7 Qf6 32. Re1 Re8 33. Qc6
Qd8 34. Qh6 e4 35. Nxe4 Qd7 36. Nf6# 1-0

[Event "XXXIII Memorial Edoardo Crespi Magistrale"]
[Site "Milano ITA"]
[Date "2012.12.01"]
[Round "1"]
[White "Astengo, Corrado"]
[Black "Shishkin, Vadim"]
[WhiteElo "2164"]
[BlackElo "2501"]
[Result "0-1"]
[PlyCount "102"]
[EventDate "2012.12.01"]

1. e4 c5 2. Nf3 Nc6 3. d4 cxd4 4. Nxd4 Nf6 5. Nc3 d6 6. Bg5 Bd7 7. Qd2 h6 8.
Bxf6 gxf6 9. O-O-O Nxd4 10. Qxd4 Qa5 11. Bc4 Rc8 12. f4 Qc5 13. Bd5 b5 14. Rhe1
b4 15. Qxc5 Rxc5 16. Ne2 h5 17. Nd4 e6 18. Bb7 Bh6 19. g3 Ke7 20. Kb1 a5 21.
Ba6 h4 22. Be2 a4 23. Nf3 hxg3 24. hxg3 Bg7 25. Rh1 Rxh1 26. Rxh1 f5 27. exf5
Rxf5 28. Bd3 Rc5 29. Rh7 Kf8 30. Nd2 Bc6 31. Ne4 Rd5 32. Kc1 a3 33. bxa3 bxa3
34. Kd2 Kg8 35. Rh1 f5 36. Nf2 Bd4 37. Rf1 Rc5 38. Nd1 Bd5 39. c3 Bf6 40. Bb1
Rc7 41. Re1 Rh7 42. Re3 Bc4 43. Rf3 Rh1 44. Rf2 d5 45. Rg2 Kf7 46. Kc2 Re1 47.
Kd2 Rf1 48. Kc2 Rf3 49. Kd2 Ke7 50. g4 fxg4 51. Rxg4 Rxf4 0-1

[Event "XXXIII Memorial Edoardo Crespi Magistrale"]
[Site "Milano ITA"]
[Date "2012.12.01"]
[Round "1"]
[White "Bemporad, Filippo"]
[Black "Tonndorf, Matthias"]
[WhiteElo "2046"]
[BlackElo "2234"]
[Result "1/2-1/2"]
[PlyCount "70"]
[EventDate "2012.12.01"]

1. d4 Nf6 2. Nf3 e6 3. g3 c5 4. c4 cxd4 5. Nxd4 Qc7 6. b3 a6 7. Bg2 Bb4+ 8. Bd2
Bc5 9. Bc3 d5 10. cxd5 Nxd5 11. Bb2 Qa5+ 12. Nd2 Nc3 13. Bxc3 Qxc3 14. N4f3 Nc6
15. O-O Be7 16. Rc1 Qb4 17. Rxc6 bxc6 18. Ne5 Bb7 19. Nxc6 Qd6 20. Nc4 Qxd1 21.
Rxd1 Kf8 22. Nb6 Bxc6 23. Nxa8 Bb5 24. Rc1 g5 25. e3 Kg7 26. Nc7 Ba3 27. Rd1
Rc8 28. Nxb5 axb5 29. Bf1 b4 30. Bc4 Bb2 31. Rd7 Kf6 32. Ra7 Rd8 33. Bb5 Ba3
34. Kg2 h5 35. h3 Rd2 1/2-1/2

[Event "XXXIII Memorial Edoardo Crespi Magistrale"]
[Site "Milano ITA"]
[Date "2012.12.01"]
[Round "1"]
[White "Bentivegna, Francesco"]
[Black "Quaranta, Cristiano"]
[WhiteElo "2335"]
[BlackElo "2102"]
[Result "0-1"]
[PlyCount "90"]
[EventDate "2012.12.01"]

1. e4 e6 2. b3 d5 3. Bb2 Nf6 4. e5 Nfd7 5. Qg4 c5 6. f4 Nc6 7. Nf3 Qc7 8. Na3
a6 9. c3 h6 10. Be2 g5 11. O-O Be7 12. d4 h5 13. Qg3 g4 14. Ng5 cxd4 15. cxd4
Nxd4 16. Bxd4 Bxa3 17. f5 Bc5 18. Bxc5 Qxc5+ 19. Kh1 Qe7 20. fxe6 Qxg5 21. h4
Qe7 22. exd7+ Bxd7 23. Rac1 Rc8 24. Rxc8+ Bxc8 25. Rf6 Be6 26. Qc3 Kd7 27. b4
Rc8 28. Qd2 Kd8 29. Kg1 Qc7 30. Qg5 Qc1+ 31. Qxc1 Rxc1+ 32. Kf2 Rc2 33. Ke1
Rxa2 34. Rh6 g3 35. Bf3 d4 36. Rxh5 d3 37. Rg5 d2+ 38. Ke2 Bb3 39. Ke3 d1=Q 40.
Bxd1 Bxd1 41. Rxg3 Ra3+ 42. Kf4 Rxg3 43. Kxg3 b6 44. Kf4 a5 45. bxa5 bxa5 0-1

[Event "XXXIII Memorial Edoardo Crespi Magistrale"]
[Site "Milano ITA"]
[Date "2012.12.01"]
[Round "1"]
[White "Cani, Gazmir"]
[Black "Colovic, Aleksandar"]
[WhiteElo "2147"]
[BlackElo "2457"]
[Result "0-1"]
[PlyCount "110"]
[EventDate "2012.12.01"]

1. d4 d5 2. Nf3 Nf6 3. c4 e6 4. Nc3 c6 5. g3 dxc4 6. Bg2 b5 7. O-O Nbd7 8. e4
Bb7 9. e5 Nd5 10. Ne4 h6 11. a4 a5 12. Nh4 Be7 13. Qh5 Qb6 14. Rd1 Rf8 15. Qg4
g5 16. Nf3 O-O-O 17. Bd2 Nb4 18. Be3 Qc7 19. Nc3 Nd5 20. axb5 Nxc3 21. b6 Ne2+
22. Kf1 Qxb6 23. Nd2 Nxd4 24. Bxd4 c5 25. Bxb7+ Qxb7 26. Bc3 Nb6 27. Bxa5 Rd4
28. Qf3 Qxf3 29. Nxf3 Rxd1+ 30. Rxd1 Na4 31. Rc1 Nxb2 32. Rc2 Nd3 33. Rxc4 Kb7
34. Ke2 Nb4 35. h4 Ra8 36. Bxb4 cxb4 37. hxg5 hxg5 38. Nd4 Rc8 39. Kd3 Rd8 40.
Kc2 Rd5 41. f4 Bc5 42. Nf3 g4 43. Nh2 Kb6 44. Nxg4 Kb5 45. Re4 Ka4 46. Ne3 Rd8
47. Nc4 Rg8 48. f5 exf5 49. Rf4 Rxg3 50. Kd1 Rg4 51. Nb2+ Kb3 52. Nd3 Rxf4 53.
Nxf4 Bd4 54. e6 fxe6 55. Nxe6 Be3 0-1

[Event "XXXIII Memorial Edoardo Crespi Magistrale"]
[Site "Milano ITA"]
[Date "2012.12.01"]
[Round "1"]
[White "Collutiis, Duilio"]
[Black "Iudicello, Giovanni"]
[WhiteElo "2495"]
[BlackElo "2149"]
[Result "1-0"]
[PlyCount "73"]
[EventDate "2012.12.01"]

1. g3 g6 2. Bg2 Bg7 3. e4 e5 4. Ne2 Nc6 5. c3 d6 6. d4 Nf6 7. O-O O-O 8. h3 Qe7
9. Re1 Bd7 10. d5 Nb8 11. c4 a5 12. Nbc3 Na6 13. Rb1 Ne8 14. b3 f5 15. exf5
Bxf5 16. Ne4 Nf6 17. N2c3 Nxe4 18. Nxe4 Nc5 19. Nxc5 Bxb1 20. Ne6 Bf5 21. Nxf8
Qxf8 22. Bb2 b6 23. a3 Qc8 24. g4 Bd7 25. f4 Qf8 26. fxe5 dxe5 27. d6 Re8 28.
c5 cxd6 29. cxb6 Rb8 30. Qd5+ Kh8 31. b7 a4 32. Rf1 Qe8 33. Qxd6 e4 34. Bxg7+
Kxg7 35. Qd4+ Kg8 36. Bxe4 Be6 37. bxa4 1-0

[Event "XXXIII Memorial Edoardo Crespi Magistrale"]
[Site "Milano ITA"]
[Date "2012.12.01"]
[Round "1"]
[White "Damia, Angelo"]
[Black "Cattaneo, Marco"]
[WhiteElo "2281"]
[BlackElo "2049"]
[Result "1/2-1/2"]
[PlyCount "30"]
[EventDate "2012.12.01"]

1. e4 Nf6 2. Nc3 e5 3. Nf3 Nc6 4. g3 d5 5. exd5 Nxd5 6. Bg2 Be6 7. O-O Nxc3 8.
dxc3 Be7 9. Qe2 Bf6 10. Rd1 Qc8 11. Bg5 O-O 12. Bxf6 gxf6 13. Nh4 Ne7 14. Qf3
Kg7 15. Rd2 c6 1/2-1/2

[Event "XXXIII Memorial Edoardo Crespi Magistrale"]
[Site "Milano ITA"]
[Date "2012.12.01"]
[Round "1"]
[White "Esposito, Luca"]
[Black "Pelizzola, Danilo"]
[WhiteElo "2299"]
[BlackElo "2062"]
[Result "1-0"]
[PlyCount "77"]
[EventDate "2012.12.01"]

1. d4 Nf6 2. c4 e6 3. g3 c5 4. Nf3 cxd4 5. Nxd4 Nc6 6. Nc3 a6 7. Bg2 Be7 8. O-O
O-O 9. b3 Qc7 10. Bb2 d6 11. Rc1 Nxd4 12. Qxd4 Bd7 13. Rfd1 Rad8 14. Rc2 Bc8
15. Rcd2 Ne8 16. e4 Bf6 17. Qe3 Qa5 18. a3 Qc7 19. h3 Bd7 20. Kh2 Bc6 21. f4
Rc8 22. Rc1 Qb8 23. Qb6 Qc7 24. Qe3 Qb8 25. Ne2 Bxb2 26. Rxb2 Nf6 27. Nd4 Rfd8
28. Rd1 Be8 29. Rbd2 g6 30. f5 exf5 31. Nxf5 gxf5 32. Qg5+ Kf8 33. Qxf6 Bc6 34.
exf5 Bxg2 35. Re1 Kg8 36. Re7 Rf8 37. Kxg2 Rce8 38. Rd4 h5 39. Qg5+ 1-0

[Event "XXXIII Memorial Edoardo Crespi Magistrale"]
[Site "Milano ITA"]
[Date "2012.12.01"]
[Round "1"]
[White "Facchetti, Gianni"]
[Black "Welling, Gerard"]
[WhiteElo "2102"]
[BlackElo "2338"]
[Result "0-1"]
[PlyCount "69"]
[EventDate "2012.12.01"]

1. e4 c5 2. Nf3 e6 3. c3 d5 4. exd5 exd5 5. d4 Nf6 6. Be2 Nc6 7. O-O Be7 8.
dxc5 Bxc5 9. Nbd2 O-O 10. Nb3 Bb6 11. Bg5 Re8 12. Bb5 Bg4 13. Qd3 Ne5 14. Nxe5
Rxe5 15. Bxf6 Qxf6 16. Nd4 a6 17. Ba4 Re4 18. Rae1 Qe5 19. Rxe4 dxe4 20. Qe3
Rd8 21. Bd1 Be6 22. f4 Bxd4 23. cxd4 Qxd4 24. Qxd4 Rxd4 25. b3 Rd2 26. a4 Rb2
27. Re1 f5 28. g4 g6 29. gxf5 gxf5 30. Bh5 Bxb3 31. a5 Kf8 32. Re3 Bd5 33. Rc3
Bc6 34. Rc5 Rb5 35. Rxb5 0-1

[Event "XXXIII Memorial Edoardo Crespi Magistrale"]
[Site "Milano ITA"]
[Date "2012.12.01"]
[Round "1"]
[White "Iturbide Arnedo, Oscar"]
[Black "Martinez, Rolly"]
[WhiteElo "2132"]
[BlackElo "2441"]
[Result "0-1"]
[PlyCount "90"]
[EventDate "2012.12.01"]

1. d4 Nf6 2. Bg5 e6 3. Nd2 c5 4. e3 b6 5. c3 Bb7 6. Ngf3 Be7 7. Bd3 Nc6 8. O-O
h6 9. Bxf6 Bxf6 10. Qe2 a6 11. a4 O-O 12. Nc4 Qc7 13. e4 d5 14. Ne3 dxe4 15.
Bxe4 Nxd4 16. cxd4 Bxe4 17. Ng4 Qf4 18. Nxf6+ gxf6 19. Nd2 Bd5 20. dxc5 bxc5
21. Ra3 Kh7 22. Re1 Rg8 23. g3 Rab8 24. Ne4 Qxe4 25. Qxe4+ Bxe4 26. Rxe4 Rxb2
27. Rc4 Rg5 28. Rac3 Rf5 29. Rc2 Rxc2 30. Rxc2 Rd5 31. Rb2 c4 32. Rc2 Rc5 33.
Rc3 Kg6 34. Kf1 Kf5 35. Ke2 Ke4 36. Kd2 Kd4 37. Rf3 Rf5 38. Rxf5 exf5 39. a5
c3+ 40. Kc2 Kc4 41. Kc1 Kd3 42. Kd1 c2+ 43. Kc1 Kc3 44. h4 h5 45. f3 Kd3 0-1

[Event "XXXIII Memorial Edoardo Crespi Magistrale"]
[Site "Milano ITA"]
[Date "2012.12.01"]
[Round "1"]
[White "Jara, Erik"]
[Black "Sanchez, Joseph"]
[WhiteElo "2173"]
[BlackElo "2533"]
[Result "1/2-1/2"]
[PlyCount "83"]
[EventDate "2012.12.01"]

1. c4 e5 2. Nc3 Bb4 3. Nd5 Bd6 4. e3 c6 5. Nc3 Nf6 6. Nge2 O-O 7. a3 Re8 8. g3
Bc7 9. Bg2 d5 10. cxd5 cxd5 11. Nb5 d4 12. Nxc7 Qxc7 13. d3 dxe3 14. Bxe3 Nc6
15. O-O Bf5 16. d4 Rad8 17. Qa4 Bd3 18. dxe5 Qxe5 19. Rfe1 Bb5 20. Qc2 Ng4 21.
Nf4 g5 22. Bd2 Qd6 23. Nd5 Nd4 24. Qc3 Ne6 25. Rad1 Ba4 26. b3 Bc6 27. Bc1 Bxd5
28. Bxd5 Qc5 29. Qf3 h5 30. Bb2 Nxf2 31. Qxf2 Rxd5 32. Rxd5 Qxd5 33. Qf6 Kf8
34. Qh8+ Ke7 35. Qf6+ Kd7 36. Qxf7+ Re7 37. Qxh5 Qc5+ 38. Kh1 Qd5+ 39. Kg1 Qc5+
40. Kh1 Qc6+ 41. Kg1 Qb6+ 42. Kh1 1/2-1/2

[Event "XXXIII Memorial Edoardo Crespi Magistrale"]
[Site "Milano ITA"]
[Date "2012.12.01"]
[Round "1"]
[White "Lapiccirella, Mattia"]
[Black "Brunello, Sabino"]
[WhiteElo "2197"]
[BlackElo "2583"]
[Result "0-1"]
[PlyCount "140"]
[EventDate "2012.12.01"]

1. d4 Nf6 2. c4 g6 3. Nc3 d5 4. cxd5 Nxd5 5. Bd2 Bg7 6. e4 Nb6 7. Be3 O-O 8.
Bb5 Nc6 9. Nge2 Nb4 10. Qb3 a5 11. a3 Nc6 12. Rd1 Bd7 13. Na4 Nxa4 14. Qxa4 Nb8
15. Bxd7 Nxd7 16. O-O c6 17. d5 Qc7 18. Bd4 cxd5 19. Bxg7 Kxg7 20. Rxd5 Nf6 21.
Rb5 Rfd8 22. Re1 Rd7 23. Nc3 Rd2 24. Rd1 Qf4 25. h3 Nxe4 26. Nxe4 Rxd1+ 27.
Qxd1 Qxe4 28. Qd2 Qc6 29. Rxa5 Rxa5 30. Qxa5 Qc1+ 31. Kh2 Qxb2 32. Qa7 e5 33.
f3 h5 34. a4 h4 35. a5 Qb5 36. Qa8 f6 37. Qd8 Qb4 38. Qc8 Qb5 39. Qd8 Qc6 40.
Kh1 Kh6 41. Qd2+ Kh5 42. Qd8 Kh6 43. Qd2+ g5 44. Qd8 Kg6 45. Qd3+ Kf7 46. Qd8
Ke6 47. Qd3 Ke7 48. Qd2 Qa6 49. Qd5 Qa7 50. Kh2 Qb8 51. Kh1 Qc7 52. Qb5 f5 53.
Qd5 Kf6 54. Kg1 e4 55. fxe4 Qc1+ 56. Kh2 Qf4+ 57. Kh1 Qxe4 58. Qd8+ Qe7 59.
Qb6+ Kg7 60. a6 Qe1+ 61. Kh2 Qe5+ 62. Kh1 Qa1+ 63. Kh2 Qxa6 64. Qc7+ Kg6 65.
Qe7 Qc6 66. Qd8 Qe6 67. Qb8 g4 68. hxg4 fxg4 69. g3 Qe2+ 70. Kg1 Qe1+ 0-1

[Event "XXXIII Memorial Edoardo Crespi Magistrale"]
[Site "Milano ITA"]
[Date "2012.12.01"]
[Round "1"]
[White "Loehnhardt, Benjamin"]
[Black "Friedrichs, Klaus"]
[WhiteElo "2073"]
[BlackElo "2301"]
[Result "1/2-1/2"]
[PlyCount "65"]
[EventDate "2012.12.01"]

1. e4 e5 2. Bc4 Nf6 3. d3 Nc6 4. Bg5 Be7 5. Nc3 Na5 6. Bb5 c6 7. Ba4 b5 8. Bb3
O-O 9. Nf3 d6 10. Qd2 Nxb3 11. axb3 a5 12. Ne2 Be6 13. Ng3 a4 14. bxa4 bxa4 15.
O-O c5 16. Ra3 Qd7 17. Rfa1 Rab8 18. c4 Rb4 19. Qc2 Qb7 20. R1a2 Rb8 21. Bc1
Bd7 22. Ne2 Nh5 23. Nc3 f5 24. exf5 Bxf5 25. Rxa4 Rxa4 26. Rxa4 Nf6 27. Nb5 Bd7
28. Ra7 Qb6 29. Qa4 Bf8 30. Ra6 Qb7 31. Ra7 Qb6 32. Ra6 Qb7 33. Ra7 1/2-1/2

[Event "XXXIII Memorial Edoardo Crespi Magistrale"]
[Site "Milano ITA"]
[Date "2012.12.01"]
[Round "1"]
[White "Maiorov, Nikita"]
[Black "Salmoiraghi, Angelo"]
[WhiteElo "2541"]
[BlackElo "2174"]
[Result "1-0"]
[PlyCount "61"]
[EventDate "2012.12.01"]

1. d4 Nf6 2. c4 g6 3. g3 d5 4. Bg2 Bg7 5. Nf3 O-O 6. O-O dxc4 7. Na3 c3 8. bxc3
Nc6 9. e3 Bg4 10. h3 Bf5 11. Bb2 Be4 12. Nc4 Nd5 13. Qe2 Nb6 14. Ncd2 Bf5 15.
e4 Bd7 16. Rab1 Na4 17. Ba1 Qc8 18. Kh2 Na5 19. Nb3 Nxb3 20. axb3 Nb6 21. Qe3
Rd8 22. c4 Be8 23. d5 Bxa1 24. Rxa1 c5 25. e5 Qc7 26. Qh6 f6 27. Rfe1 Nd7 28.
Re4 Nf8 29. d6 exd6 30. exf6 Qf7 31. Ng5 1-0

[Event "XXXIII Memorial Edoardo Crespi Magistrale"]
[Site "Milano ITA"]
[Date "2012.12.01"]
[Round "1"]
[White "Manfredi, Vincenzo"]
[Black "Lavorgna, Giovanni"]
[WhiteElo "2230"]
[BlackElo "2035"]
[Result "1-0"]
[PlyCount "85"]
[EventDate "2012.12.01"]

1. d4 Nf6 2. Nf3 e6 3. Bg5 Nc6 4. e3 h6 5. Bh4 Be7 6. c4 d5 7. Nc3 O-O 8. a3
Re8 9. Qc2 dxc4 10. Bxc4 Nd5 11. Bg3 Bf6 12. Ne4 Be7 13. Rd1 Bd7 14. O-O Rb8
15. Ba2 f5 16. Nc5 Bd6 17. Rfe1 Bxg3 18. hxg3 b6 19. Nxe6 Bxe6 20. Qxc6 Kh7 21.
Rc1 Rc8 22. Ne5 Qd6 23. Bc4 Bg8 24. Bd3 Ne7 25. Qc2 Qf6 26. g4 g6 27. gxf5 gxf5
28. Ba6 Rcd8 29. Qxc7 Bd5 30. Bb7 Bxb7 31. Qxb7 Kg8 32. Rc7 Nd5 33. Nd7 Qf7 34.
Qxd5 Qxd5 35. Nf6+ Kf8 36. Nxd5 Rxd5 37. Rxa7 Rc8 38. g3 Rd6 39. Kg2 Rc2 40. b4
Rdc6 41. Rh1 Ra2 42. Rh5 Rf6 43. Rh7 1-0

[Event "XXXIII Memorial Edoardo Crespi Magistrale"]
[Site "Milano ITA"]
[Date "2012.12.01"]
[Round "1"]
[White "Marholev, Dimitar"]
[Black "Gori, Andrea"]
[WhiteElo "2313"]
[BlackElo "2095"]
[Result "1-0"]
[PlyCount "123"]
[EventDate "2012.12.01"]

1. e4 e5 2. Nf3 Nc6 3. Bb5 a6 4. Ba4 Nf6 5. O-O b5 6. Bb3 Be7 7. Re1 O-O 8. h3
d6 9. c3 Na5 10. Bc2 c5 11. d4 Qc7 12. d5 Bd7 13. b3 Rfb8 14. Nbd2 c4 15. b4
Nb7 16. Nf1 a5 17. g4 axb4 18. cxb4 Ne8 19. Ng3 Ra7 20. Nf5 Bf8 21. Kh2 Rba8
22. a3 Nd8 23. Rg1 Kh8 24. Nd2 g6 25. Ne3 f6 26. Nb1 Nf7 27. Nc3 Bh6 28. Ng2
Bxc1 29. Qxc1 Qc8 30. Ne3 Nc7 31. Qb2 Qf8 32. Ne2 Qh6 33. Rg3 Qg7 34. a4 bxa4
35. Nxc4 Bb5 36. Bd3 g5 37. Na5 h5 38. Bxb5 Nxb5 39. Rxa4 hxg4 40. hxg4 Kg8 41.
Ra1 Qh7+ 42. Rh3 Qxe4 43. Ng3 Qxg4 44. Qc2 e4 45. Nxe4 Qf4+ 46. Ng3 Nd4 47.
Qg6+ Kf8 48. Rf1 Nf3+ 49. Kh1 Nh4 50. Qe4 Qxe4+ 51. Nxe4 Kg7 52. f4 Ng6 53.
fxg5 fxg5 54. Rg3 Rb8 55. Nc6 Rh8+ 56. Kg1 Ra2 57. Nxg5 Nxg5 58. Rxg5 Rb2 59.
Ne7 Rh6 60. Nf5+ Kh7 61. Nxh6 Kxh6 62. Rg2 1-0

[Event "XXXIII Memorial Edoardo Crespi Magistrale"]
[Site "Milano ITA"]
[Date "2012.12.01"]
[Round "1"]
[White "Massironi, Marco"]
[Black "Agrifoglio, Fabio"]
[WhiteElo "2214"]
[BlackElo "1984"]
[Result "1-0"]
[PlyCount "111"]
[EventDate "2012.12.01"]

1. e4 c5 2. Nf3 d6 3. d4 cxd4 4. Nxd4 Nf6 5. Nc3 a6 6. Bg5 e6 7. Qe2 Nc6 8.
O-O-O h6 9. Bh4 Qb6 10. Nb3 Be7 11. f4 Qc7 12. g4 b5 13. Bg2 Rb8 14. e5 dxe5
15. fxe5 Nd7 16. Bg3 O-O 17. Rhf1 Nb6 18. h4 Nc4 19. g5 hxg5 20. hxg5 Bxg5+ 21.
Kb1 Ne3 22. Rh1 Nxd1 23. Ne4 Nb4 24. c3 Qc4 25. Qxd1 Qd3+ 26. Qxd3 Nxd3 27.
Nxg5 Bb7 28. Bxb7 Rxb7 29. Kc2 Rd7 30. Ne4 Rfd8 31. Bh4 Nxe5 32. Bxd8 Rxd8 33.
Nec5 Rd6 34. Rd1 Rc6 35. Rd8+ Kh7 36. Ra8 g5 37. Nxa6 g4 38. Nd4 Rd6 39. Nc5 g3
40. Ne2 g2 41. Ne4 Rd3 42. Nf6+ Kg7 43. Nh5+ Kh7 44. Nhf4 Rg3 45. Ng1 Nf3 46.
Nfe2 f5 47. a4 f4 48. axb5 Nxg1 49. Nxg3 Nh3 50. Ra1 f3 51. Nh1 Kg6 52. b6
gxh1=Q 53. Rxh1 f2 54. b7 Ng1 55. b8=Q f1=Q 56. Rxg1+ 1-0

[Event "XXXIII Memorial Edoardo Crespi Magistrale"]
[Site "Milano ITA"]
[Date "2012.12.01"]
[Round "1"]
[White "Motola, Jacopo"]
[Black "Nannelli, Paolo"]
[WhiteElo "1993"]
[BlackElo "2230"]
[Result "0-1"]
[PlyCount "76"]
[EventDate "2012.12.01"]

1. e4 d5 2. exd5 Qxd5 3. Nc3 Qd6 4. d4 Nf6 5. Nf3 c6 6. Ne5 Nbd7 7. Bf4 Nd5 8.
Nxd5 Qxd5 9. Nf3 Nb6 10. Qe2 Bf5 11. c4 Qe4 12. Qxe4 Bxe4 13. Nd2 Bf5 14. Be2
e6 15. O-O Be7 16. a4 a5 17. Bc7 Nd7 18. Rac1 O-O 19. Rfd1 Rfc8 20. Bg3 Bf6 21.
Nf3 h6 22. Ne5 Rd8 23. Bf3 Rac8 24. h4 Nxe5 25. dxe5 Be7 26. h5 Bg5 27. Rxd8+
Rxd8 28. Rc3 Rd3 29. Kf1 Rxc3 30. bxc3 Bc2 31. Ke2 Bxa4 32. Be4 Bb3 33. Bd3 Bc1
34. Bb1 a4 35. Kd3 a3 36. c5 a2 37. Bxa2 Bxa2 38. Kc2 Ba3 0-1

[Event "XXXIII Memorial Edoardo Crespi Magistrale"]
[Site "Milano ITA"]
[Date "2012.12.01"]
[Round "1"]
[White "Mundorf, Johannes"]
[Black "Coppola, Federico"]
[WhiteElo "2200"]
[BlackElo "1940"]
[Result "0-1"]
[PlyCount "82"]
[EventDate "2012.12.01"]

1. Nf3 c5 2. g3 Nc6 3. Bg2 e5 4. c4 g6 5. Nc3 Bg7 6. O-O d6 7. a3 Nge7 8. b4
O-O 9. Rb1 f5 10. Nd5 e4 11. Ne1 Be6 12. bxc5 dxc5 13. Nf4 Bf7 14. Bb2 Bxb2 15.
Rxb2 b6 16. d3 exd3 17. exd3 Qd6 18. Nf3 Rad8 19. Qa4 h6 20. h4 Rd7 21. Re1 Qf6
22. Rbe2 Rd6 23. Ne5 Nd4 24. Ra2 Be8 25. Qxa7 Nec6 26. Nxc6 Bxc6 27. Bxc6 Nxc6
28. Qa4 Nd4 29. Re8 Rd8 30. Rxf8+ Rxf8 31. Qd7 g5 32. hxg5 hxg5 33. Nd5 Qh6 34.
Ne7+ Kh8 35. Qd5 g4 36. f4 Nf3+ 37. Kf2 Qh2+ 38. Ke3 Qg1+ 39. Rf2 Qc1+ 40. Ke2
Qd2+ 41. Kf1 Qe1+ 0-1

[Event "XXXIII Memorial Edoardo Crespi Magistrale"]
[Site "Milano ITA"]
[Date "2012.12.01"]
[Round "1"]
[White "Novelli, Cristiano"]
[Black "Napoli, Nicolo'"]
[WhiteElo "2051"]
[BlackElo "2296"]
[Result "0-1"]
[PlyCount "102"]
[EventDate "2012.12.01"]

1. e4 c5 2. Nc3 g6 3. g3 Bg7 4. Bg2 Nc6 5. d3 a6 6. Be3 Nd4 7. Nce2 h5 8. h3 e5
9. c3 Ne6 10. Qd2 Ne7 11. d4 exd4 12. cxd4 cxd4 13. Nxd4 O-O 14. Nge2 d5 15.
Nxe6 Bxe6 16. exd5 Bxd5 17. O-O Bxg2 18. Qxd8 Rfxd8 19. Kxg2 Nf5 20. Bf4 Rac8
21. Nc3 Bxc3 22. bxc3 Rxc3 23. a4 f6 24. Rab1 g5 25. Bc1 Rd7 26. Rb6 Rc6 27.
Rxc6 bxc6 28. Be3 h4 29. Rb1 hxg3 30. Rb6 gxf2 31. Bxf2 Ne7 32. Rxa6 Kf7 33.
Ra8 Ng6 34. Be3 Rd3 35. Kf2 Ne5 36. Ke2 Ra3 37. a5 Ra2+ 38. Kf1 Nc4 39. Bb6
Nxb6 40. Ra7+ Ke6 41. axb6 Rb2 42. Rb7 f5 43. Rb8 Ke5 44. b7 Kf4 45. Kg1 c5 46.
h4 g4 47. Rc8 Rxb7 48. Rxc5 Kg3 49. Rxf5 Rb1+ 50. Rf1 Rxf1+ 51. Kxf1 Kh2 0-1

[Event "XXXIII Memorial Edoardo Crespi Magistrale"]
[Site "Milano ITA"]
[Date "2012.12.01"]
[Round "1"]
[White "Pancevski, Filip"]
[Black "Formento, Paolo"]
[WhiteElo "2512"]
[BlackElo "2167"]
[Result "1-0"]
[PlyCount "71"]
[EventDate "2012.12.01"]

1. e4 e6 2. Qe2 e5 3. Nf3 Nc6 4. g3 Nf6 5. c3 Be7 6. Bg2 O-O 7. O-O Re8 8. d3
Bf8 9. Re1 d6 10. Qc2 h6 11. Nbd2 Be6 12. b4 Qd7 13. Bb2 a5 14. a3 Bh3 15. Bh1
Ng4 16. Qb3 Ne7 17. Rad1 Ng6 18. d4 exd4 19. Nxd4 N4e5 20. c4 axb4 21. axb4 c5
22. Nb5 Rad8 23. bxc5 dxc5 24. Nf1 Nd3 25. Re3 Ngf4 26. gxf4 Qg4+ 27. Rg3 Nxf4
28. Bf3 Ne2+ 29. Bxe2 Qxe2 30. Ne3 Rxd1+ 31. Qxd1 Qxb2 32. Rxh3 Ra8 33. Qc2
Ra1+ 34. Kg2 Qe5 35. Rf3 Be7 36. Qc3 1-0

[Event "XXXIII Memorial Edoardo Crespi Magistrale"]
[Site "Milano ITA"]
[Date "2012.12.01"]
[Round "1"]
[White "Rettore, Ludwig"]
[Black "Trella, Thomas"]
[WhiteElo "2115"]
[BlackElo "2404"]
[Result "1-0"]
[PlyCount "117"]
[EventDate "2012.12.01"]

1. Nf3 d5 2. d4 Nf6 3. e3 c5 4. c3 Qc7 5. Bd3 Nc6 6. Nbd2 e5 7. dxe5 Nxe5 8.
Nxe5 Qxe5 9. O-O Bd6 10. Bb5+ Kf8 11. f4 Qxe3+ 12. Kh1 Qe7 13. Nf3 Bf5 14. Ne5
Bxe5 15. fxe5 Qxe5 16. Bf4 Qe6 17. c4 d4 18. b4 b6 19. bxc5 bxc5 20. Qa4 Be4
21. Qa3 Qb6 22. Be5 Kg8 23. Qg3 Bg6 24. Rae1 h5 25. Bc7 Qb7 26. Re7 h4 27. Qh3
Rh5 28. Bd6 Qc8 29. Qa3 h3 30. Rxf6 hxg2+ 31. Kg1 gxf6 32. Re8+ Qxe8 33. Bxe8
Rxe8 34. Kxg2 d3 35. Bf4 Rf5 36. Kg3 Re4 37. Bh6 Kh7 38. Bc1 Rxc4 39. Be3 Bh5
40. Qxd3 Rg4+ 41. Kh3 Kg6 42. Bxc5 Ra4 43. a3 Bg4+ 44. Kg3 Kh5 45. Be3 Kg6 46.
h3 Bh5 47. Bd2 a5 48. Bc1 Bf3 49. Qd8 Rc5 50. Bb2 Rg5+ 51. Kxf3 Rf5+ 52. Ke3
Kg7 53. Qd6 Rc4 54. Qg3+ Kh7 55. Bd4 Ra4 56. Qd6 Kg7 57. h4 Rf1 58. Ke2 Rf5 59.
Qd7 1-0

[Event "XXXIII Memorial Edoardo Crespi Magistrale"]
[Site "Milano ITA"]
[Date "2012.12.01"]
[Round "1"]
[White "Solodovnichenko, Yuri"]
[Black "Sardo, Gabriele"]
[WhiteElo "2557"]
[BlackElo "2178"]
[Result "1-0"]
[PlyCount "55"]
[EventDate "2012.12.01"]

1. g3 d5 2. Bg2 Nf6 3. d3 e5 4. Nf3 Bd6 5. O-O O-O 6. Nc3 d4 7. Nb5 Re8 8. Nxd6
Qxd6 9. c3 dxc3 10. bxc3 h6 11. Rb1 c5 12. Nd2 Nc6 13. Nc4 Qc7 14. f4 e4 15. f5
Qd7 16. Bf4 Nd5 17. Qd2 exd3 18. exd3 Nxf4 19. Rxf4 f6 20. Ne3 b6 21. Ng4 Kf7
22. c4 Bb7 23. Bd5+ Ke7 24. Re1+ Kd8 25. Rxe8+ Kxe8 26. Re4+ Kd8 27. Qf4 Qc7
28. Re8+ 1-0

[Event "XXXIII Memorial Edoardo Crespi Magistrale"]
[Site "Milano ITA"]
[Date "2012.12.01"]
[Round "1"]
[White "Stella, Andrea"]
[Black "Cazzaniga, Walter"]
[WhiteElo "2453"]
[BlackElo "2146"]
[Result "1-0"]
[PlyCount "95"]
[EventDate "2012.12.01"]

1. Nf3 Nf6 2. c4 g6 3. g3 Bg7 4. Bg2 O-O 5. O-O c5 6. Nc3 Nc6 7. d4 cxd4 8.
Nxd4 Ng4 9. e3 d6 10. h3 Nxd4 11. exd4 Nh6 12. Bxh6 Bxh6 13. Re1 e6 14. b4 a5
15. b5 Qc7 16. Na4 Bd7 17. Qb3 Rac8 18. c5 Rfd8 19. cxd6 Qxd6 20. Nc5 Qb6 21.
Nxb7 Rf8 22. a4 Bg7 23. Nc5 Rfd8 24. Qe3 Be8 25. Nb3 Rc4 26. Rec1 Rb4 27. Ra2
e5 28. Bc6 exd4 29. Qd3 h5 30. Re2 Bxc6 31. Rxc6 Qb8 32. Nc5 h4 33. Na6 Qa7 34.
Rc7 Qb6 35. Rc6 Qa7 36. Nxb4 axb4 37. Ra6 Qc5 38. Rc6 Qd5 39. g4 Ra8 40. Ra6
Rc8 41. Rc6 Rxc6 42. bxc6 Qxc6 43. Qb3 Qc1+ 44. Kg2 Qc3 45. Re8+ Kh7 46. Qxf7
Qc6+ 47. Kh2 Qc5 48. Re6 1-0